[Event "HUN-chT2 Charousek 1011"]
[Site "Hungary"]
[Date "2010.10.10"]
[Round "3"]
[White "Szijjarto, Laszlo"]
[Black "Salavecz, Gergely"]
[Result "1/2-1/2"]
[WhiteElo "1976"]
[BlackElo "1920"]
[PlyCount "88"]
[EventDate "2010.09.12"]
[EventType "team-tourn"]
[EventRounds "11"]
[EventCountry "HUN"]
[SourceTitle "EXT 2012"]
[Source "ChessBase"]
[SourceDate "2011.11.24"]
[SourceVersion "1"]
[SourceVersionDate "2011.11.24"]
[SourceQuality "1"]
[WhiteTeam "Paks II"]
[BlackTeam "Balatonfuered"]
[WhiteTeamCountry "HUN"]
[BlackTeamCountry "HUN"]

1. d4 d5 2. c4 dxc4 3. Nc3 a6 4. e3 e6 5. Bxc4 c5 6. Nge2 Nf6 7. a4 Nc6 8. 0-0 Be7 9. b3 0-0 10. Bb2 Na5 11. Bd3 Qb6 12. Ba3 Qxb3 13. dxc5 Qxd1 14. Rfxd1 Nb3 15. Rab1 Nxc5 16. Ne4 Nfxe4 17. Bxe4 Nxe4 18. Bxe7 Re8 19. f3 Nf6 20. Bxf6 gxf6 21. Nc3 b5 22. axb5 axb5 23. Nxb5 Ra2 24. Nc3 Rc2 25. Rdc1 Rxc1+ 26. Rxc1 Kg7 27. Ne4 Rd8 28. Rc7 Kg6 29. Nc5 e5 30. e4 Be6 31. Nxe6 fxe6 32. Re7 Rd6 33. Kf2 Ra6 34. Kg3 Rb6 35. h4 Ra6 36. Kg4 f5+ 37. exf5+ exf5+ 38. Kg3 Ra5 39. Re6+ Kf7 40. Rh6 Kg7 41. Re6 Kf7 42. Rb6 Rc5 43. h5 Rc7 44. Kh4 Rc2 1/2-1/2

[Event "HUN-chT2 Charousek 0910"]
[Site "Hungary"]
[Date "2010.02.28"]
[Round "7"]
[White "Szijjarto, Laszlo"]
[Black "Gadacsi, Miklos Jr"]
[Result "0-1"]
[WhiteElo "1970"]
[BlackElo "2145"]
[PlyCount "62"]
[EventDate "2009.11.08"]
[EventType "team-tourn"]
[EventRounds "11"]
[EventCountry "HUN"]
[SourceTitle "EXT 2011"]
[Source "ChessBase"]
[SourceDate "2010.11.26"]
[SourceVersion "1"]
[SourceVersionDate "2010.11.26"]
[SourceQuality "1"]
[WhiteTeam "Paks II"]
[BlackTeam "Tapolca"]
[WhiteTeamCountry "HUN"]
[BlackTeamCountry "HUN"]

1. d4 Nf6 2. c4 e6 3. a3 d5 4. Nc3 Be7 5. Bf4 0-0 6. e3 c5 7. Nf3 Nc6 8. dxc5 Bxc5 9. cxd5 exd5 10. Ne5 Re8 11. Nxc6 bxc6 12. Na4 Qa5+ 13. b4 Bxb4+ 14. axb4 Qxb4+ 15. Qd2 Qxf4 16. Be2 Qg5 17. Bf3 Ba6 18. Nc3 Bc4 19. Ne2 Ng4 20. 0-0 Ne5 21. Kh1 Nxf3 22. gxf3 Qh5 23. Kg2 Re6 24. Ng3 Bxf1+ 25. Rxf1 Qh4 26. e4 Rh6 27. Rh1 Qh3+ 28. Kg1 Rb8 29. Qd1 d4 30. f4 c5 31. f5 Rhb6 0-1